Missing Vowels by Category #2 - Statistics

General Stats
  • This quiz has been taken 1,422 times
  • The average score is 26 of 31
Answer Stats
Group Consonants Word % Correct
4 Letter Countries FJ Fiji
98%
Elements GLD Gold
98%
Animals DG Dog
97%
Fruit BNN Banana
96%
4 Letter Countries CB Cuba
96%
US States GRG Georgia
96%
4 Letter Countries RQ Iraq
96%
Elements LTHM Lithium
95%
Elements XYGN Oxygen
95%
4 Letter Countries PR Peru
95%
Animals TRKY Turkey
94%
Elements HLM Helium
93%
US States LBM Alabama
92%
Fruit RNG Orange
92%
Fruit LM Lime
91%
Elements SDM Sodium
91%
Fruit FG Fig
87%
US States H Ohio
87%
Animals SNL Snail
86%
Elements NN Neon
85%
Languages HND Hindi
84%
Fruit PR Pear
82%
Languages RBC Arabic
81%
Animals RCN Racoon
79%
Languages KRN Korean
66%
Animals CTPS Octopus
63%
American Sitcoms FRSR Frasier
61%
American Sitcoms CHRS Cheers
58%
Animals GL Eagle
57%
Languages TLN Italian
57%
American Sitcoms RSNN Roseanne
43%
No matching quizzes found
Score Distribution
Percent of People with Each Score
Percentile by Number Answered
Your Score History
You have not taken this quiz